000 00383nam a2200145 a 4500
005 20140412111419.0
008 070906s19uu xx 00 eng d
020 _a971-508-214-9
050 _aBB
_bCh515 2003
100 _aGarlitos, Rhandee
245 _aChenelyn! Chenelyn! /
_cRhandee Garlitos.
260 _aPhilippines :
_bAdarna,
_c2003.
999 _c105970
_d105970